Online
Catalog

Historia de la Nación Cubana : (Record no. 1278)

MARC details
000 -CABECERA
campo de control de longitud fija 01607cam a2200229 a 4500
001 - NÚMERO DE CONTROL
campo de control 000001349
005 - FECHA Y HORA DE LA ÚLTIMA TRANSACCIÓN
campo de control 20200929145542.0
008 - DATOS DE LONGITUD FIJA--INFORMACIÓN GENERAL
campo de control de longitud fija 751125s1952 cu b 000 0 spa d
040 ## - FUENTE DE LA CATALOGACIÓN
Centro catalogador/agencia de origen DO-SdBNP
Lengua de catalogación spa
Centro/agencia transcriptor BNPHU
082 ## - NÚMERO DE LA CLASIFICACIÓN DECIMAL DEWEY
Número de clasificación 972.91
Número de documento/Ítem H673n
245 00 - MENCIÓN DE TÍTULO
Título Historia de la Nación Cubana :
Resto del título consolidación de la república, desde 1902 hasta 1951 /
Mención de responsabilidad, etc. Ramiro Guerra y Sánchez, José M. Pérez Cabrera, Juan J. Remos y Emeterio S. Santoventa.
260 ## - PUBLICACIÓN, DISTRIBUCIÓN, ETC.
Lugar de publicación, distribución, etc. La Habana :
Nombre del editor, distribuidor, etc. Historia de la Nación Cubana,
Fecha de publicación, distribución, etc. 1952.
300 ## - DESCRIPCIÓN FÍSICA
Extensión v. :
Otras características físicas il. ;
Dimensiones 25 cm.
500 ## - NOTA GENERAL
Nota general La biblioteca posee el v. 4, 6 y 10.
504 ## - NOTA DE BIBLIOGRAFÍA, ETC.
Nota de bibliografía, etc. Bibliografía : p. 415-418.
505 0# - NOTA DE CONTENIDO CON FORMATO
Información miscelánea v. 1
Título Culturas primitivas, descubrimiento, conquista y colonización (desde la epoca precolombina hasta 1697).
Información miscelánea v. 2
Título Guerras coloniales, Progresos conflictosy (desde 1697 hasta 1790).
Información miscelánea v. 3
Título Ilustración, libertad de comercio (desde 1790 hasta 1837) .
Información miscelánea v. 4
Título Ruptura con la metrópolis (desde 1837 hasta 1868).
Información miscelánea v. 5
Título Guerra de los Diez Años y otras actividades revolucionarias, desde 1868 hasta 1902 (1).
Información miscelánea v. 6
Título Autonomismo, Guerra de Independencia, desde 1868 hasta 1902 (2).
Información miscelánea v. 7
Título Cambio de soberanía, desde 1868 hasta 1902 (3).
Información miscelánea v. 8
Título Advenimiento de la República, desde 1902 hasta 1951 (1).
Información miscelánea v. 9
Título Desarrollo económico y social Proceso, desde 1902 hasta 1951 (2)
Información miscelánea v. 10
Título Consolidación de la República, desde 1902 hasta 1951 (3)
651 #4 - PUNTO DE ACCESO ADICIONAL DE MATERIA--NOMBRE GEOGRÁFICO
Nombre geográfico Cuba
Subdivisión general Historia
9 (RLIN) 493
700 1# - PUNTO DE ACCESO ADICIONAL--NOMBRE DE PERSONA
Nombre de persona Guerray y Sánchez, Ramiro,
Fechas asociadas al nombre 1880-1970.
9 (RLIN) 4529
700 1# - PUNTO DE ACCESO ADICIONAL--NOMBRE DE PERSONA
Nombre de persona Pérez Cabrera, José M.
9 (RLIN) 4530
700 1# - PUNTO DE ACCESO ADICIONAL--NOMBRE DE PERSONA
Nombre de persona Remos, Juan J.
9 (RLIN) 4531
700 1# - PUNTO DE ACCESO ADICIONAL--NOMBRE DE PERSONA
Nombre de persona Santovenia, Emeterio S.
9 (RLIN) 4532
Holdings
Estado de retiro Estado de pérdida Restricciones de uso No para préstamo Código de colección Localización permanente Ubicación/localización actual Ubicación en estantería Fecha de adquisición Número de inventario Total de préstamos Signatura topográfica completa Código de barras Fecha visto por última vez Precio válido a partir de Tipo de ítem Koha Número de copia
    Préstamo interno Préstamo restrigido Monografías: Libros y Folletos General General En encuadernación 04.09.2009 LF1   972.91 H673n 1349-10 25.06.2020 25.06.2020 Préstamo interno  
    Préstamo interno Préstamo restrigido Monografías: Libros y Folletos General General En encuadernación 25.11.2009 LF1   972.91 H673n 1349-20 25.06.2020 25.06.2020 Préstamo interno e. 2

Powered by Koha